Inšpirujúci dotyk dreva Jozef Lenhart, rezbár so zlatými rukami

Bibliographic Details
Main Author: Sokolová, Viera (Author)
Format: Article
Language:Slovak
Subjects:

MARC

LEADER 00000nab a2200000 a 4500
001 vtls000574324
003 SK-MaSNL
005 20260305000607.0
008 120929c1996 xo 0 slo
015 |a SNBRB19rr/mm-uuuuu 
035 |a CL0574462 
040 |a SNKBUCL  |b slo  |c SNKBUCL  |e AACR2 
041 0 |a slo 
044 |a xo  |c SK 
080 |a 745.51.077  |2 1981 
100 1 |a Sokolová, Viera  |4 aut  |9 453717 
245 1 0 |a Inšpirujúci dotyk dreva  |b Jozef Lenhart, rezbár so zlatými rukami  |c Viera Sokolová 
300 |b Fotogr. 1 
600 1 7 |a Lenhart, Jozef,  |d 1920-2010  |2 snkbucl  |9 200824 
655 7 |a články z novín a časopisov  |2 snkbucl  |9 267496 
773 0 |t Slovenská republika  |g Roč. 3, č. 34 (10. 2. 1996), s. 9 
850 |a Slovenská národná knižnica v Martine  |a MTA001 
852 |a SNK  |b KIS3GCP 
958 |a RK 
992 |a RBX 
999 |c 3214621  |d 3216551